Statistics for General Analogies #4

Click here to take the quiz!

General Stats

  • This quiz has been taken 55 times
  • The average score is 7 of 22

Answer Stats

Hint Answer % Correct
Scandal is to Nixon as affair is to _______Clinton
82%
"I cannot tell a lie" is to Washington as "___ ____ ___ ____" is to AntoinetteLet them eat cake
71%
Diego is to California as _______ is to TexasAntonio
69%
Edible is to food as _______ is to waterPotable
63%
Peking is to Beijing as Saigon is to __ ___ ____ ____Ho Chi Minh City
59%
Siam is to Thailand as Zaire is to __ _____D.R. Congo
47%
Nevis is to Kitts as Grenadines is to _______Vincent
47%
Pumped Up Kicks is to school shooting as Ring Around the Rosie is to _______ ______Bubonic Plague
37%
Nazis are to Jewish as ___ is to African AmericanKKK
37%
Peach is to Finding Nemo as _______ is to SpongebobPatrick
35%
Burr is to Hamilton as _____ is to EdisonTesla
29%
Minaj is to female as ______ is to whiteEminem
24%
Love is to open door as _________ is to warm gunHappiness
24%
One Direction is to United Kingdom as ____ _______ __ ______ is to AustraliaFive Seconds of Summer
20%
Mulan is to Asian as _____ is to African AmericanTiana
16%
Homepage image is to Bing as ______ is to GoogleDoodle
14%
Mandalay Bay is to Myanmar as _____ is to EgyptLuxor
14%
Leakes is to Atlanta as Giudice is to ___ ______New Jersey
12%
Tereshkova is to Soviet Union as ____ is to United StatesRide
6%
Martin is to Miami Gardens as _____ is to FergusonBrown
4%
Little Rock nine are to Arkansas as ____ _______ is to LouisianaRuby Bridges
2%
Melissa is to Maddie as Holly is to ___Nia
2%

Score Distribution

Percentile by Number Answered

Percent of People with Each Score

Your Score History

You have not taken this quiz